Windows 98 developer's handbook (Record no. 13599)

000 -LEADER
fixed length control field 00908cam a2200265 a 4500
001 - CONTROL NUMBER
control field 3564046
005 - DATE AND TIME OF LATEST TRANSACTION
control field 20170105102424.0
008 - FIXED-LENGTH DATA ELEMENTS--GENERAL INFORMATION
fixed length control field 980106s1998 cau 001 0 eng
010 ## - LIBRARY OF CONGRESS CONTROL NUMBER
LC control number 98084006
020 ## - INTERNATIONAL STANDARD BOOK NUMBER
International Standard Book Number 0782121241
040 ## - CATALOGING SOURCE
Original cataloging agency DLC
Transcribing agency DLC
Modifying agency DLC
050 00 - LIBRARY OF CONGRESS CALL NUMBER
Classification number QA76.76.O63
Item number E978 1998
082 00 - DEWEY DECIMAL CLASSIFICATION NUMBER
Classification number 005.4/469
Edition number 21
100 1# - MAIN ENTRY--PERSONAL NAME
Personal name Ezzell, Ben.
245 10 - TITLE STATEMENT
Title Windows 98 developer's handbook
Statement of responsibility, etc. Ben Ezzell, with Jim Blaney.
260 ## - PUBLICATION, DISTRIBUTION, ETC.
Place of publication, distribution, etc. San Francisco :
Name of publisher, distributor, etc. Sybex,
Date of publication, distribution, etc. c1998.
300 ## - PHYSICAL DESCRIPTION
Extent xxxv, 1323 p. ;
Dimensions 24 cm. +
Accompanying material 1 computer laser optical disc (4 3/4 in.)
500 ## - GENERAL NOTE
General note Includes index.
630 00 - SUBJECT ADDED ENTRY--UNIFORM TITLE
Uniform title Microsoft Windows (Computer file)
650 #0 - SUBJECT ADDED ENTRY--TOPICAL TERM
Topical term or geographic name entry element Operating systems (Computers)
700 1# - ADDED ENTRY--PERSONAL NAME
Personal name Blaney, Jim.
906 ## - LOCAL DATA ELEMENT F, LDF (RLIN)
a 7
b cbc
c orignew
d 2
e opcn
f 19
g y-gencatlg
942 ## - ADDED ENTRY ELEMENTS (KOHA)
Source of classification or shelving scheme
Koha item type Book
Holdings
Withdrawn status Lost status Damaged status Not for loan Collection code Permanent Location Current Location Shelving location Date acquired Source of acquisition Total Checkouts Full call number Barcode Date last seen Price effective from Koha item type
          Central Library (CL) Central Library (CL) First Floor - Operating System/ Data Structure 07/12/2016 Donation   005.4469 EZZ SEECSD01325 07/15/2016 07/15/2016 Book
© 2023 Central Library, National University of Sciences and Technology. All Rights Reserved.